| Tag |
First Indicator |
Second Indicator |
Subfields |
| LEADER |
00000cam a2200000 a 4500 |
| 001 |
in00001328921 |
| 005 |
20151005072938.0 |
| 008 |
940511s1993 nyua b 101 0 eng d |
| 010 |
|
|
|a 93073266
|
| 020 |
|
|
|a 0791810305
|
| 035 |
|
|
|a (OCoLC)29787460
|
| 035 |
|
|
|9 AHC7305AM
|
| 040 |
|
|
|a TxHU
|c DLC
|d TXA
|d UtOrBLW
|
| 042 |
|
|
|a lccopycat
|
| 049 |
|
|
|a TXAM
|
| 050 |
0 |
4 |
|a VM156
|b .N665 1993
|
| 082 |
0 |
0 |
|a 623.8/12
|2 20
|
| 245 |
0 |
0 |
|a Nonlinear dynamics of marine vehicles :
|b presented at the 1993 ASME Winter Annual Meeting, New Orleans, Louisiana, November 28-December 3, 1993 /
|c sponsored by the Dynamic Systems and Control Division and the Offshore Mechanics and Arctic Engineering Division, ASME ; edited by Jeffery M. Falzarano, Fotis Papoulias.
|
| 264 |
|
1 |
|a New York :
|b American Society of Mechanical Engineers,
|c [1993]
|
| 264 |
|
4 |
|c ©1993
|
| 300 |
|
|
|a v, 125 pages :
|b illustrations ;
|c 28 cm.
|
| 336 |
|
|
|a text
|b txt
|2 rdacontent
|
| 337 |
|
|
|a unmediated
|b n
|2 rdamedia
|
| 338 |
|
|
|a volume
|b nc
|2 rdacarrier
|
| 490 |
1 |
|
|a DSC ;
|v vol. 51
|
| 490 |
1 |
|
|a OMAE ;
|v vol. 1
|
| 504 |
|
|
|a Includes bibliographical references and index.
|
| 650 |
|
0 |
|a Ships
|x Hydrodynamics
|v Congresses.
|
| 700 |
1 |
|
|a Falzarano, Jeffrey M.
|
| 700 |
1 |
|
|a Papoulias, Fotis A.
|
| 710 |
2 |
|
|a American Society of Mechanical Engineers.
|b Winter Annual Meeting
|d (1993 :
|c New Orleans, La.)
|
| 710 |
2 |
|
|a American Society of Mechanical Engineers.
|b Dynamic Systems and Control Division.
|
| 710 |
2 |
|
|a American Society of Mechanical Engineers.
|b Offshore Mechanics and Arctic Engineering Division.
|
| 830 |
|
0 |
|a DSC (Series) ;
|v vol. 51.
|
| 830 |
|
0 |
|a OMAE (Series) ;
|v vol. 1.
|
| 999 |
|
|
|a MARS
|
| 999 |
f |
f |
|s da358d7e-c716-3998-9c85-74d10fb525a7
|i a11907eb-c7c3-3662-920c-d0142c7572d9
|t 0
|
| 952 |
f |
f |
|p normal
|a Texas A&M University
|b College Station
|c Sterling C. Evans Library
|d Evans: Library Stacks
|t 0
|e VM156 .N665 1993
|h Library of Congress classification
|i unmediated -- volume
|m A14820490808
|
| 998 |
f |
f |
|a VM156 .N665 1993
|t 0
|l Evans: Library Stacks
|